000 00388nam a2200157Ia 4500
008 231120s2021 xx 000 0 und d
020 _a9788194869320
041 _aeng
082 _a618.92
_bPAN
100 _aPANCHALI PAL
245 _aTEXT BOOK OF PEDIATRIC NURSING FOR NURSING STUDENT
250 _a2nd Edition
260 _bC B S
_c2021
300 _a568
650 _aPedicatric
999 _c934674
_d934674